[Event "Hastings Challengers 1988/89"]
[Site "Hastings"]
[Date "1989.01.01"]
[Round "4"]
[White "Sadler, Matthew D"]
[Black "Parmentier, Xavier"]
[Result "1/2-1/2"]
[WhiteElo "2385"]
[BlackElo "2235"]
[PlyCount "82"]
[EventDate "1988.12.28"]
[EventType "swiss"]
[EventRounds "10"]
[EventCountry "ENG"]
[SourceTitle "BritBase"]
[Source "John Saunders"]
[SourceDate "2023.05.21"]
[SourceVersion "1"]
[SourceVersionDate "2023.05.21"]
[SourceQuality "1"]

1. d4 Nf6 2. c4 g6 3. Nc3 Bg7 4. e4 d6 5. Be2 O-O 6. Be3 e5 7. d5 c6 8. Nf3
cxd5 9. cxd5 Ng4 10. Bg5 f6 11. Bh4 Nd7 12. Nd2 Nh6 13. g4 Nf7 14. Qc2 a6 15.
a4 Bh6 16. a5 Bxd2+ 17. Qxd2 g5 18. Bg3 Nh8 19. f3 Ng6 20. Na4 b5 21. axb6 Nxb6
22. O-O Nf4 23. Bxf4 exf4 24. Kg2 Nxa4 25. Rxa4 Qb6 26. Rfa1 Rf7 27. Rb4 Qa7
28. Bb5 h5 29. h3 hxg4 30. hxg4 Rh7 31. Bc6 Rb8 32. Rxb8 Qxb8 33. Qc3 Qa7 34.
b4 Qg7 35. Rg1 Qh6 36. Be8 Qh2+ 37. Kf1 Qa2 38. Qxc8 Qb1+ 39. Kg2 Qb2+ 40. Kf1
Qb1+ 41. Kg2 Qb2+ 1/2-1/2

[Event "Hastings Challengers 1988/89"]
[Site "Hastings"]
[Date "1989.01.01"]
[Round "4"]
[White "Suba, Mihai"]
[Black "Sorensen, Jan"]
[Result "1/2-1/2"]
[WhiteElo "2535"]
[BlackElo "2275"]
[PlyCount "116"]
[EventDate "1988.12.28"]
[EventType "swiss"]
[EventRounds "10"]
[EventCountry "ENG"]
[SourceTitle "BritBase"]
[Source "John Saunders"]
[SourceDate "2023.05.21"]
[SourceVersion "1"]
[SourceVersionDate "2023.05.21"]
[SourceQuality "1"]

1. c4 Nf6 2. Nc3 c5 3. Nf3 g6 4. e4 d6 5. d4 cxd4 6. Nxd4 Nc6 7. f3 Bg7 8. Be3
O-O 9. Qd2 Bd7 10. Be2 Nxd4 11. Bxd4 a5 12. O-O Bc6 13. Rfc1 Nd7 14. Be3 Nc5
15. Rab1 b6 16. b3 Qb8 17. Bd1 Rc8 18. a3 Nd7 19. Be2 Ra7 20. b4 axb4 21. axb4
Ra3 22. Bg5 e6 23. Bf1 Bf6 24. Bh6 Ne5 25. Kh1 Be8 26. Nb5 Bxb5 27. cxb5 Rd8
28. Rc2 Ra7 29. Rbc1 Rad7 30. Qe2 d5 31. f4 Nc4 32. e5 Be7 33. Qe1 Qa8 34. f5
Qa4 35. fxe6 fxe6 36. Qg3 Bf8 37. Bg5 Re8 38. h4 Bg7 39. Bf6 Rf7 40. Bxc4 dxc4
41. Rxc4 Bxf6 42. exf6 Rxf6 43. Qe5 Rf5 44. Qe3 Qxb5 45. Rc7 Rf1+ 46. Rxf1
Qxf1+ 47. Kh2 Qf6 48. g3 Ra8 49. Rc2 e5 50. Rf2 Qe6 51. Qe4 Ra2 52. Rxa2 Qxa2+
53. Kh3 Qe6+ 54. Kg2 Qd6 55. g4 Qd2+ 56. Kf3 Qd1+ 57. Kf2 Qd2+ 58. Kf3 Qd1+
1/2-1/2

[Event "Hastings Challengers 1988/89"]
[Site "Hastings"]
[Date "1989.01.02"]
[Round "5"]
[White "Akhsharumova, Anna M"]
[Black "Upton, Ian J"]
[Result "1-0"]
[WhiteElo "2400"]
[BlackElo "2245"]
[PlyCount "73"]
[EventDate "1988.12.28"]
[EventType "swiss"]
[EventRounds "10"]
[EventCountry "ENG"]
[SourceTitle "BritBase"]
[Source "John Saunders"]
[SourceDate "2023.05.21"]
[SourceVersion "1"]
[SourceVersionDate "2023.05.21"]
[SourceQuality "1"]

1. d4 Nf6 2. c4 e5 3. dxe5 Ng4 4. Bf4 Nc6 5. Nf3 Bb4+ 6. Nbd2 Qe7 7. e3 Ngxe5
8. Nxe5 Nxe5 9. Be2 b6 10. a3 Bxd2+ 11. Qxd2 d6 12. O-O Bb7 13. b4 O-O 14. Rfd1
a5 15. c5 dxc5 16. bxc5 Ng6 17. Bg3 bxc5 18. Qd7 Qg5 19. Qxc7 Be4 20. Bc4 h5
21. Rd7 h4 22. Rxf7 Rxf7 23. Bxf7+ Kh8 24. Bxg6 Qxg6 25. f3 hxg3 26. fxe4 Qxe4
27. Qxc5 gxh2+ 28. Kxh2 Rd8 29. Rc1 Rd5 30. Qc8+ Kh7 31. Qh3+ Kg6 32. Rc6+ Kf7
33. Rc7+ Kg6 34. Qg3+ Rg5 35. Rxg7+ Kxg7 36. Qxg5+ Kh7 37. Qxa5 1-0

[Event "Hastings Challengers 1988/89"]
[Site "Hastings"]
[Date "1989.01.02"]
[Round "5"]
[White "Dlaykan, Fernando"]
[Black "McDonald, Neil R"]
[Result "1/2-1/2"]
[WhiteElo "2205"]
[BlackElo "2360"]
[PlyCount "113"]
[EventDate "1988.12.28"]
[EventType "swiss"]
[EventRounds "10"]
[EventCountry "ENG"]
[SourceTitle "BritBase"]
[Source "John Saunders"]
[SourceDate "2023.05.21"]
[SourceVersion "1"]
[SourceVersionDate "2023.05.21"]
[SourceQuality "1"]

1. e4 e6 2. d4 d5 3. Nd2 Nf6 4. e5 Nfd7 5. Bd3 c5 6. c3 Nc6 7. Ne2 cxd4 8. cxd4
f6 9. exf6 Nxf6 10. Nf3 Qc7 11. Bf4 Bb4+ 12. Nd2 Bd6 13. Bxd6 Qxd6 14. O-O O-O
15. f4 Bd7 16. Nf3 Be8 17. h3 Ne4 18. Ne5 Nxe5 19. fxe5 Rxf1+ 20. Qxf1 Qb4 21.
Bxe4 dxe4 22. Qe1 Qxb2 23. Rb1 Qxa2 24. Rxb7 Qa3 25. Qh4 Qe3+ 26. Kh2 Bf7 27.
Qe7 Rf8 28. Rd7 h5 29. d5 Qxe2 30. dxe6 Qf2 31. Qg5 Bg6 32. Qxg6 Qf4+ 33. Qg3
Qxg3+ 34. Kxg3 e3 35. e7 h4+ 36. Kg4 Re8 37. Kf3 a5 38. e6 Kh7 39. Kxe3 Kg6 40.
Ra7 Kf6 41. Rxa5 Rxe7 42. Kf4 Rxe6 43. Rf5+ Kg6 44. Rg5+ Kh6 45. Rg4 Rf6+ 46.
Ke5 Kh5 47. Rxg7 Rf2 48. Ke4 Ra2 49. Kf3 Ra3+ 50. Kf2 Ra2+ 51. Kf1 Ra1+ 52. Ke2
Ra2+ 53. Kd1 Ra1+ 54. Kc2 Ra2+ 55. Kb3 Re2 56. Rg4 Rf2 57. Kc3 1/2-1/2

[Event "Hastings Challengers 1988/89"]
[Site "Hastings"]
[Date "1989.01.02"]
[Round "5"]
[White "Gufeld, Eduard"]
[Black "Morawietz, Dieter"]
[Result "1-0"]
[WhiteElo "2510"]
[BlackElo "2280"]
[PlyCount "85"]
[EventDate "1988.12.28"]
[EventType "swiss"]
[EventRounds "10"]
[EventCountry "ENG"]
[SourceTitle "BritBase"]
[Source "John Saunders"]
[SourceDate "2023.05.21"]
[SourceVersion "1"]
[SourceVersionDate "2023.05.21"]
[SourceQuality "1"]

1. Nf3 Nf6 2. g3 g6 3. Bg2 Bg7 4. O-O O-O 5. c4 c5 6. Nc3 Nc6 7. d4 d6 8. d5
Na5 9. Nd2 e5 10. e4 Ng4 11. h3 Nh6 12. b3 Bd7 13. Bb2 f5 14. exf5 gxf5 15. Ne2
Qe7 16. f4 Nf7 17. Qc2 Rae8 18. Rae1 b6 19. Nf3 Qd8 20. Kh2 Nb7 21. Bc3 e4 22.
Nh4 Nh6 23. Bxg7 Kxg7 24. Qb2+ Kg8 25. Bh1 Re7 26. Nc3 Rg7 27. Nd1 b5 28. Ne3
b4 29. Rg1 a5 30. Bg2 Qe7 31. Bf1 Ra8 32. Be2 a4 33. Bd1 Qd8 34. bxa4 Qf8 35.
Ref1 Bxa4 36. Bxa4 Rxa4 37. g4 fxg4 38. hxg4 Ra3 39. g5 Nf7 40. Nef5 Rg6 41.
Re1 e3 42. Rxe3 Rxe3 43. Nxg6 1-0

[Event "Hastings Challengers 1988/89"]
[Site "Hastings"]
[Date "1989.01.02"]
[Round "5"]
[White "Hebden, Mark L"]
[Black "Lima, Darcy"]
[Result "0-1"]
[WhiteElo "2460"]
[BlackElo "2345"]
[PlyCount "48"]
[EventDate "1988.12.28"]
[EventType "swiss"]
[EventRounds "10"]
[EventCountry "ENG"]
[SourceTitle "BritBase"]
[Source "John Saunders"]
[SourceDate "2023.05.21"]
[SourceVersion "1"]
[SourceVersionDate "2023.05.21"]
[SourceQuality "1"]

1. e4 e5 2. f4 exf4 3. Nf3 g5 4. h4 g4 5. Ne5 Nf6 6. Bc4 d5 7. exd5 Bd6 8. d4
O-O 9. O-O Nh5 10. Nxg4 Qxh4 11. Ne5 Ng3 12. Re1 f6 13. Nf3 Qh1+ 14. Kf2 Ne4+
15. Rxe4 Qxd1 16. Nc3 Qh1 17. Nb5 Bg4 18. Re1 Qh6 19. Nxd6 cxd6 20. Re4 Qg6 21.
Nd2 Nd7 22. Rxf4 f5 23. Nf3 Nf6 24. Nh4 Ne4+ 0-1

[Event "Hastings Challengers 1988/89"]
[Site "Hastings"]
[Date "1989.01.02"]
[Round "5"]
[White "Parmentier, Xavier"]
[Black "Suba, Mihai"]
[Result "0-1"]
[WhiteElo "2235"]
[BlackElo "2535"]
[PlyCount "112"]
[EventDate "1988.12.28"]
[EventType "swiss"]
[EventRounds "10"]
[EventCountry "ENG"]
[SourceTitle "BritBase"]
[Source "John Saunders"]
[SourceDate "2023.05.21"]
[SourceVersion "1"]
[SourceVersionDate "2023.05.21"]
[SourceQuality "1"]

1. Nf3 c5 2. g3 b6 3. Bg2 Bb7 4. O-O Nf6 5. c4 e6 6. Nc3 a6 7. b3 Be7 8. Bb2 d6
9. e3 O-O 10. d4 Ra7 11. Qe2 Nbd7 12. Rad1 Qa8 13. d5 exd5 14. cxd5 Re8 15. e4
Bf8 16. Qc2 b5 17. Nd2 g6 18. a4 b4 19. Ncb1 a5 20. Nc4 Ba6 21. Nbd2 Bb7 22. h3
Ra6 23. Rfe1 Bg7 24. Nf1 Qd8 25. Nfe3 Qe7 26. e5 Nxe5 27. Nxe5 dxe5 28. d6 Qd7
29. Qxc5 Bxg2 30. Kxg2 Qb7+ 31. Kg1 Ne4 32. Qc7 Nxd6 33. Nd5 Rc6 34. Qxa5 Rc2
35. Bc1 Nf5 36. Nxb4 Nxg3 37. Nd5 Ne2+ 38. Kf1 Nxc1 39. Rxc1 Rxc1 40. Rxc1 Qxb3
41. Qb5 Qxh3+ 42. Ke2 Rd8 43. Rd1 Qg4+ 44. Ke1 Qe4+ 45. Kf1 Kh8 46. Qb6 Rc8 47.
Ne3 Qh1+ 48. Ke2 Qh5+ 49. Ke1 Bh6 50. Rd8+ Rxd8 51. Qxd8+ Kg7 52. Nd5 Bg5 53.
Qd7 Qh1+ 54. Ke2 Qe4+ 55. Kf1 Qd4 56. Qb5 h5 0-1

[Event "Hastings Challengers 1988/89"]
[Site "Hastings"]
[Date "1989.01.02"]
[Round "5"]
[White "Sorensen, Jan"]
[Black "Flear, Glenn C"]
[Result "1/2-1/2"]
[WhiteElo "2275"]
[BlackElo "2470"]
[PlyCount "118"]
[EventDate "1988.12.28"]
[EventType "swiss"]
[EventRounds "10"]
[EventCountry "ENG"]
[SourceTitle "BritBase"]
[Source "John Saunders"]
[SourceDate "2023.05.21"]
[SourceVersion "1"]
[SourceVersionDate "2023.05.21"]
[SourceQuality "1"]

1. e4 e5 2. Nc3 Nf6 3. f4 d5 4. fxe5 Nxe4 5. Nf3 Bc5 6. d4 Bb4 7. Bd2 Bg4 8.
Nxe4 dxe4 9. Bxb4 exf3 10. gxf3 Qh4+ 11. Ke2 Nc6 12. fxg4 Qxg4+ 13. Kf2 Qf4+
14. Qf3 Qxd4+ 15. Kg2 Qxb4 16. Bd3 O-O 17. Rhe1 Rae8 18. Qe4 Qxe4+ 19. Bxe4
Rxe5 20. Bxc6 Rxe1 21. Rxe1 bxc6 22. Re7 Rc8 23. Re5 Rd8 24. Kg3 g6 25. b3 Rd5
26. Re4 Rc5 27. Re8+ Kg7 28. c4 Ra5 29. a4 Rg5+ 30. Kf2 Rf5+ 31. Kg2 a5 32. Re7
Rf6 33. Rxc7 Rd6 34. c5 Rd2+ 35. Kg1 Rb2 36. Rxc6 Rxb3 37. Ra6 Rc3 38. Rxa5 Rc4
39. Kf2 Kf6 40. Ke3 Ke6 41. Ra6+ Ke5 42. Ra7 Ke6 43. Ra6+ Kd5 44. Ra7 Rc3+ 45.
Kf4 Rc2 46. c6 Ke6 47. c7 Kd7 48. Ke5 Rxh2 49. c8=Q+ Kxc8 50. Rxf7 h5 51. Rg7
Rg2 52. a5 h4 53. a6 Kb8 54. a7+ Ka8 55. Kd6 h3 56. Kc6 Rf2 57. Rxg6 h2 58. Kb6
Rb2+ 59. Ka6 Ra2+ 1/2-1/2

[Event "Hastings Challengers 1988/89"]
[Site "Hastings"]
[Date "1989.01.02"]
[Round "5"]
[White "Tangborn, Eric"]
[Black "Plaskett, H James"]
[Result "1/2-1/2"]
[WhiteElo "2350"]
[BlackElo "2450"]
[PlyCount "46"]
[EventDate "1988.12.28"]
[EventType "swiss"]
[EventRounds "10"]
[EventCountry "ENG"]
[SourceTitle "BritBase"]
[Source "John Saunders"]
[SourceDate "2023.05.21"]
[SourceVersion "1"]
[SourceVersionDate "2023.05.21"]
[SourceQuality "1"]

1. d4 Nf6 2. Nf3 c5 3. d5 g6 4. Nc3 Bg7 5. e4 O-O 6. a4 d6 7. Be2 Na6 8. O-O
Nc7 9. Bf4 b6 10. Qd2 Bb7 11. Rfe1 Qd7 12. Bh6 a6 13. Bxg7 Kxg7 14. Rab1 e6 15.
dxe6 Qxe6 16. Rbd1 Rad8 17. b3 b5 18. axb5 axb5 19. Nxb5 Nxb5 20. Bxb5 Nxe4 21.
Ng5 Qf5 22. Nxe4 Bxe4 23. Bd3 Bxd3 1/2-1/2

[Event "Hastings Challengers 1988/89"]
[Site "Hastings"]
[Date "1989.01.02"]
[Round "6"]
[White "Flear, Glenn C"]
[Black "Arkell, Keith C"]
[Result "1-0"]
[WhiteElo "2470"]
[BlackElo "2430"]
[PlyCount "63"]
[EventDate "1988.12.28"]
[EventType "swiss"]
[EventRounds "10"]
[EventCountry "ENG"]
[SourceTitle "BritBase"]
[Source "John Saunders"]
[SourceDate "2023.05.21"]
[SourceVersion "1"]
[SourceVersionDate "2023.05.21"]
[SourceQuality "1"]

1. d4 Nf6 2. c4 e6 3. Nf3 b6 4. Nc3 Bb4 5. Bg5 h6 6. Bh4 Bxc3+ 7. bxc3 Nc6 8.
e4 g5 9. Nxg5 Nxe4 10. Nf3 Ng5 11. Nd2 Qf6 12. Qg4 Qg6 13. d5 Ne7 14. Qd4 Rg8
15. Bd3 Nf5 16. Bxf5 Qxf5 17. O-O-O e5 18. Rde1 d6 19. Qe3 Kf8 20. Bg3 f6 21.
f4 Nf7 22. Rhf1 Qg6 23. fxe5 fxe5 24. Bxe5 dxe5 25. Qxe5 Bg4 26. Rf6 Qh5 27.
Qxc7 Rg7 28. Re5 Rg5 29. Re7 Rg7 30. h3 Rc8 31. Qb7 Rxc4 32. hxg4 1-0

[Event "Hastings Challengers 1988/89"]
[Site "Hastings"]
[Date "1989.01.02"]
[Round "6"]
[White "Franklin, Michael J"]
[Black "Gufeld, Eduard"]
[Result "1-0"]
[WhiteElo "2305"]
[BlackElo "2510"]
[PlyCount "101"]
[EventDate "1988.12.28"]
[EventType "swiss"]
[EventRounds "10"]
[EventCountry "ENG"]
[SourceTitle "BritBase"]
[Source "John Saunders"]
[SourceDate "2023.05.21"]
[SourceVersion "1"]
[SourceVersionDate "2023.05.21"]
[SourceQuality "1"]

1. d4 d6 2. Nf3 g6 3. c3 Bg7 4. h3 Nd7 5. Bg5 h6 6. Bh4 Ngf6 7. Nbd2 O-O 8. e3
b6 9. Be2 Bb7 10. O-O c5 11. Re1 Qc7 12. Bf1 a6 13. Bg3 Ne4 14. Nxe4 Bxe4 15.
Nd2 Bb7 16. f3 Rfe8 17. Bf2 d5 18. f4 Nf6 19. Qf3 Ne4 20. Red1 e6 21. Be1 b5
22. Bd3 f5 23. Qf1 b4 24. Nf3 bxc3 25. bxc3 Kh7 26. Ne5 Rec8 27. Rdb1 Ra7 28.
Rb2 c4 29. Bc2 Ba8 30. Rab1 Rb7 31. Rxb7 Bxb7 32. Qe2 Ba8 33. Ba4 Rb8 34. Qc2
Rb6 35. Qc1 Qb7 36. Bc2 Rb5 37. Rxb5 axb5 38. Qa3 g5 39. Bxe4 dxe4 40. Qd6 Qd5
41. Qe7 b4 42. fxg5 hxg5 43. cxb4 f4 44. h4 fxe3 45. hxg5 Bc6 46. g6+ Kg8 47.
Nxc6 Qxc6 48. d5 Qc8 49. d6 e2 50. d7 Bd4+ 51. Kh1 1-0

[Event "Hastings Challengers 1988/89"]
[Site "Hastings"]
[Date "1989.01.02"]
[Round "6"]
[White "Harley, Andrew"]
[Black "Hebden, Mark L"]
[Result "1/2-1/2"]
[WhiteElo "2245"]
[BlackElo "2460"]
[PlyCount "76"]
[EventDate "1988.12.28"]
[EventType "swiss"]
[EventRounds "10"]
[EventCountry "ENG"]
[SourceTitle "BritBase"]
[Source "John Saunders"]
[SourceDate "2023.05.21"]
[SourceVersion "1"]
[SourceVersionDate "2023.05.21"]
[SourceQuality "1"]

1. e4 e5 2. Nf3 Nc6 3. Bb5 a6 4. Ba4 Nf6 5. O-O Be7 6. Re1 b5 7. Bb3 O-O 8. c3
d5 9. exd5 Nxd5 10. Nxe5 Nxe5 11. Rxe5 Bb7 12. d4 Qd7 13. Qf3 Rad8 14. Qf5 Qxf5
15. Rxf5 Rfe8 16. Be3 g6 17. Re5 f6 18. Re4 Kg7 19. Bd2 c5 20. Na3 Nc7 21. Re2
cxd4 22. Rae1 Bf8 23. Rxe8 Nxe8 24. cxd4 Rxd4 25. Bc3 Rd8 26. Nc2 Nc7 27. Ba5
Bd6 28. Nd4 Bc5 29. Rc1 Rxd4 30. Rxc5 Nd5 31. Rc1 Kf8 32. Rd1 Rxd1+ 33. Bxd1
Ke7 34. Bf3 Kd6 35. Bd8 Ke5 36. Kf1 Bc6 37. a3 f5 38. Ke1 Kd4 1/2-1/2

[Event "Hastings Challengers 1988/89"]
[Site "Hastings"]
[Date "1989.01.02"]
[Round "6"]
[White "McDonald, Neil R"]
[Black "Akhsharumova, Anna M"]
[Result "1-0"]
[WhiteElo "2360"]
[BlackElo "2400"]
[PlyCount "123"]
[EventDate "1988.12.28"]
[EventType "swiss"]
[EventRounds "10"]
[EventCountry "ENG"]
[SourceTitle "BritBase"]
[Source "John Saunders"]
[SourceDate "2023.05.21"]
[SourceVersion "1"]
[SourceVersionDate "2023.05.21"]
[SourceQuality "1"]

1. e4 e6 2. d4 d5 3. Nc3 Bb4 4. e5 b6 5. Qg4 Bf8 6. Nh3 Qd7 7. Be3 Nc6 8. Bb5
Bb7 9. Nf4 a6 10. Ba4 Nh6 11. Qh5 O-O-O 12. a3 Nf5 13. Bxc6 Bxc6 14. g4 Nxe3
15. fxe3 g6 16. Qh3 Bg7 17. O-O-O f6 18. exf6 Bxf6 19. g5 Bxg5 20. Nxe6 Bh6 21.
Qxh6 Qxe6 22. Rhf1 Qe7 23. e4 dxe4 24. d5 Bb7 25. Rfe1 Qf7 26. Rf1 Qd7 27. Rf6
Rhe8 28. Qe3 Qg7 29. Rf4 Qh6 30. h4 Re5 31. Kb1 Rf5 32. Rdf1 Bxd5 33. Qh3 Kb8
34. Rxf5 Be6 35. Rh5 Bxh3 36. Rxh6 Bxf1 37. Nxe4 Rh8 38. Nf6 Bc4 39. Rxh7 Rxh7
40. Nxh7 Kc8 41. Nf6 Kd8 42. Kc1 Ke7 43. Ng4 Be6 44. Nf2 Bf5 45. Kd2 Kd6 46. c3
Kd5 47. Ke3 Ke5 48. Kf3 a5 49. Ng4+ Bxg4+ 50. Kxg4 Kf6 51. a4 c6 52. b4 axb4
53. cxb4 Ke6 54. a5 bxa5 55. bxa5 Kd6 56. Kf4 c5 57. Ke4 Kc6 58. a6 Kb6 59. Kd5
Kxa6 60. Kxc5 Kb7 61. Kd6 Kc8 62. Ke7 1-0

[Event "Hastings Challengers 1988/89"]
[Site "Hastings"]
[Date "1989.01.02"]
[Round "6"]
[White "Plaskett, H James"]
[Black "Dlaykan, Fernando"]
[Result "1-0"]
[WhiteElo "2450"]
[BlackElo "2205"]
[PlyCount "33"]
[EventDate "1988.12.28"]
[EventType "swiss"]
[EventRounds "10"]
[EventCountry "ENG"]
[SourceTitle "BritBase"]
[Source "John Saunders"]
[SourceDate "2023.05.21"]
[SourceVersion "1"]
[SourceVersionDate "2023.05.21"]
[SourceQuality "1"]

1. e4 c5 2. Nc3 Nc6 3. f4 d6 4. Nf3 Nf6 5. Bb5 e6 6. O-O a6 7. Bxc6+ bxc6 8. e5
Nd7 9. Qe1 g6 10. exd6 Bxd6 11. Ne4 Be7 12. b3 h6 13. Bb2 O-O 14. d3 Nf6 15.
Qc3 Kg7 16. Qe5 Ra7 17. g4 1-0

[Event "Hastings Challengers 1988/89"]
[Site "Hastings"]
[Date "1989.01.02"]
[Round "6"]
[White "Sadler, Matthew D"]
[Black "Tangborn, Eric"]
[Result "1-0"]
[WhiteElo "2385"]
[BlackElo "2350"]
[PlyCount "61"]
[EventDate "1988.12.28"]
[EventType "swiss"]
[EventRounds "10"]
[EventCountry "ENG"]
[SourceTitle "BritBase"]
[Source "John Saunders"]
[SourceDate "2023.05.21"]
[SourceVersion "1"]
[SourceVersionDate "2023.05.21"]
[SourceQuality "1"]

1. b3 d5 2. Bb2 c5 3. Nf3 f6 4. e3 e5 5. d4 cxd4 6. exd4 e4 7. Nfd2 f5 8. c4
Nf6 9. Nc3 Be6 10. cxd5 Nxd5 11. Bc4 Bb4 12. Nxd5 Bxd5 13. Qh5+ g6 14. Qh6 Bf8
15. Qf4 Bd6 16. Qe3 Be7 17. f3 Bh4+ 18. g3 Bg5 19. Qe2 O-O 20. O-O Bxd2 21.
fxe4 Bxc4 22. Qxc4+ Kg7 23. d5+ Kh6 24. Kg2 Qe7 25. Qd3 Bb4 26. exf5 gxf5 27.
a3 Ba5 28. b4 Nd7 29. Rae1 Qd8 30. Re6+ Nf6 31. Rxf5 1-0

[Event "Hastings Challengers 1988/89"]
[Site "Hastings"]
[Date "1989.01.03"]
[Round "7"]
[White "Akhsharumova, Anna M"]
[Black "Dunnington, Angus J"]
[Result "1/2-1/2"]
[WhiteElo "2400"]
[BlackElo "2280"]
[PlyCount "113"]
[EventDate "1988.12.28"]
[EventType "swiss"]
[EventRounds "10"]
[EventCountry "ENG"]
[SourceTitle "BritBase"]
[Source "John Saunders"]
[SourceDate "2023.05.21"]
[SourceVersion "1"]
[SourceVersionDate "2023.05.21"]
[SourceQuality "1"]

1. d4 d5 2. c4 e6 3. Nc3 Bb4 4. Qa4+ Nc6 5. a3 Bxc3+ 6. bxc3 Nf6 7. e3 O-O 8.
Bd3 e5 9. Bb2 a6 10. Qc2 Re8 11. Rd1 e4 12. Be2 dxc4 13. Bxc4 b5 14. Be2 Na5
15. c4 Nxc4 16. Bxc4 bxc4 17. Qxc4 Be6 18. Qc2 Rb8 19. Rd2 Bb3 20. Qc1 Nd5 21.
Ne2 Nb6 22. Ng3 Nc4 23. Re2 Nd6 24. f3 Bc4 25. Rf2 Bd3 26. Qc3 Nb5 27. Qd2 Nd6
28. fxe4 Nxe4 29. Nxe4 Bxe4 30. O-O Bd5 31. Qa5 Rb6 32. Bc1 Rg6 33. Re1 h6 34.
Ree2 Qd7 35. Rc2 Rc6 36. Rxc6 Qxc6 37. Qc5 Qxc5 38. dxc5 Rb8 39. Rb2 Rb5 40.
Rxb5 axb5 41. g3 f6 42. Bd2 Kf7 43. Ba5 c6 44. Bc7 Ke6 45. Kf2 h5 46. Ba5 Kf5
47. Be1 Kg4 48. Ba5 h4 49. Bc7 Kh3 50. Kg1 Be4 51. Bd6 Kg4 52. Kf2 Bd3 53. Bc7
Kf5 54. Ba5 g5 55. Be1 Kg4 56. Bc3 f5 57. Be5 1/2-1/2

[Event "Hastings Challengers 1988/89"]
[Site "Hastings"]
[Date "1989.01.03"]
[Round "7"]
[White "Dlaykan, Fernando"]
[Black "Flear, Glenn C"]
[Result "0-1"]
[WhiteElo "2205"]
[BlackElo "2470"]
[PlyCount "92"]
[EventDate "1988.12.28"]
[EventType "swiss"]
[EventRounds "10"]
[EventCountry "ENG"]
[SourceTitle "BritBase"]
[Source "John Saunders"]
[SourceDate "2023.05.21"]
[SourceVersion "1"]
[SourceVersionDate "2023.05.21"]
[SourceQuality "1"]

1. e4 e5 2. Nf3 Nc6 3. Bb5 a6 4. Ba4 Nf6 5. O-O Nxe4 6. d4 b5 7. Bb3 d5 8. dxe5
Be6 9. Be3 Be7 10. c3 Nc5 11. Nd4 Nxe5 12. Nxe6 fxe6 13. Bd4 Nf7 14. Bxg7 Rg8
15. Bd4 Nxb3 16. axb3 e5 17. Be3 c5 18. f4 d4 19. cxd4 exd4 20. Bf2 Qd5 21. g3
Rg6 22. Re1 Kf8 23. Nc3 Qf5 24. Qf3 Rd8 25. Qe4 Qxe4 26. Nxe4 Rc6 27. Rad1 d3
28. g4 c4 29. Nd2 Bf6 30. bxc4 bxc4 31. Re4 Nd6 32. Rd4 Bxd4 33. Bxd4 Ne4 34.
Be5 Nxd2 35. Rxd2 a5 36. Bc3 a4 37. Kf2 Kf7 38. h4 Ra8 39. Bb4 Rb8 40. Bc3 Rb3
41. Be5 a3 42. bxa3 c3 43. Bxc3 Rcxc3 44. a4 Rc2 45. Ke3 Rxd2 46. Kxd2 Ke6 0-1

[Event "Hastings Challengers 1988/89"]
[Site "Hastings"]
[Date "1989.01.03"]
[Round "7"]
[White "Finegold, Benjamin"]
[Black "Martin, Andrew D"]
[Result "1/2-1/2"]
[WhiteElo "2355"]
[BlackElo "2430"]
[PlyCount "63"]
[EventDate "1988.12.28"]
[EventType "swiss"]
[EventRounds "10"]
[EventCountry "ENG"]
[SourceTitle "BritBase"]
[Source "John Saunders"]
[SourceDate "2023.05.21"]
[SourceVersion "1"]
[SourceVersionDate "2023.05.21"]
[SourceQuality "1"]

1. d4 Nf6 2. c4 e6 3. Nc3 Bb4 4. Qc2 O-O 5. Bg5 d6 6. e3 Nbd7 7. Bd3 h6 8. Bh4
c5 9. Nge2 e5 10. O-O Bxc3 11. Nxc3 cxd4 12. exd4 exd4 13. Ne4 g5 14. Bg3 Nxe4
15. Bxe4 Nc5 16. b4 Nxe4 17. Qxe4 d5 18. Qxd4 dxc4 19. Qxc4 Be6 20. Qe2 Qb6 21.
Qb2 Bc4 22. Rfd1 Rad8 23. Qc3 Bxa2 24. Rxd8 Rxd8 25. h4 Bd5 26. hxg5 hxg5 27.
Bc7 Rc8 28. Qe5 Rxc7 29. Qxg5+ Kf8 30. Qd8+ Kg7 31. Qxd5 Rc6 32. Qg5+ 1/2-1/2

[Event "Hastings Challengers 1988/89"]
[Site "Hastings"]
[Date "1989.01.03"]
[Round "7"]
[White "Sadler, Matthew D"]
[Black "Lima, Darcy"]
[Result "1/2-1/2"]
[WhiteElo "2385"]
[BlackElo "2345"]
[PlyCount "75"]
[EventDate "1988.12.28"]
[EventType "swiss"]
[EventRounds "10"]
[EventCountry "ENG"]
[SourceTitle "BritBase"]
[Source "John Saunders"]
[SourceDate "2023.05.21"]
[SourceVersion "1"]
[SourceVersionDate "2023.05.21"]
[SourceQuality "1"]

1. d4 Nf6 2. c4 e6 3. Nc3 d5 4. cxd5 exd5 5. Bg5 Bb4 6. Nf3 h6 7. Bh4 g5 8.
Qa4+ Nc6 9. Bg3 Ne4 10. Rc1 h5 11. Ne5 Bd7 12. Nxc6 Bxc3+ 13. bxc3 Bxc6 14. Qb3
h4 15. Be5 f6 16. f3 Nc5 17. dxc5 fxe5 18. e4 dxe4 19. Qe6+ Qe7 20. Qg6+ Qf7
21. Qxg5 exf3 22. Qxe5+ Qe7 23. Qxe7+ Kxe7 24. gxf3 Bxf3 25. Rg1 Rag8 26. Rxg8
Rxg8 27. c4 Bc6 28. Rc3 Kf6 29. Rh3 Kg5 30. Re3 Kf4 31. Kf2 Rg5 32. Re7 Rxc5
33. Rxc7 Ra5 34. Rh7 Rxa2+ 35. Be2 Kg5 36. Rh5+ Kg6 37. Rxh4 a5 38. Rh8 1/2-1/2

[Event "Hastings Challengers 1988/89"]
[Site "Hastings"]
[Date "1989.01.03"]
[Round "7"]
[White "Sorensen, Jan"]
[Black "Wells, Peter K"]
[Result "1-0"]
[WhiteElo "2275"]
[BlackElo "2410"]
[PlyCount "71"]
[EventDate "1988.12.28"]
[EventType "swiss"]
[EventRounds "10"]
[EventCountry "ENG"]
[SourceTitle "BritBase"]
[Source "John Saunders"]
[SourceDate "2023.05.21"]
[SourceVersion "1"]
[SourceVersionDate "2023.05.21"]
[SourceQuality "1"]

1. e4 c6 2. d4 d5 3. exd5 cxd5 4. Bd3 Nc6 5. c3 g6 6. Nf3 Nh6 7. O-O Bf5 8. Ne5
f6 9. Bxf5 Nxf5 10. Nd3 e6 11. Re1 Kf7 12. Nf4 Ng7 13. Qd3 Bd6 14. Nh3 Re8 15.
Bf4 Bxf4 16. Nxf4 e5 17. dxe5 Nxe5 18. Qd1 g5 19. Ne2 Qb6 20. b3 Ne6 21. Rf1
Rad8 22. Na3 d4 23. cxd4 Nxd4 24. Nxd4 Qxd4 25. Qh5+ Kg7 26. Rac1 Rc8 27. Nc2
Qb2 28. Ne3 Qxc1 29. Nf5+ Kf8 30. Qh6+ Kf7 31. Qxh7+ Ke6 32. Ng7+ Kd5 33. Nxe8
Qf4 34. Qxb7+ Rc6 35. Rd1+ Ke4 36. Nd6# 1-0